IMF Staff Papers : Volume 49: Special Issue: IMF Annual Research Conference.

This paper reports for uncovered interest parity (UIP) using daily data for 23 developing and developed countries during the crisis-strewn 1990s. UIP is a classic topic of international finance, a critical building block of most theoretical models, and a dismal empirical failure. UIP states that the...

Ausführliche Beschreibung

Bibliographische Detailangaben
Körperschaft: International Monetary Fund. Research Dept
Format: Zeitschrift
Sprache:English
Veröffentlicht: Washington, D.C. : International Monetary Fund, 2002.
Schriftenreihe:IMF Staff Papers; IMF Staff Papers ; No. 2002/005
Online Zugang:Full text available on IMF
LEADER 01932cas a2200241 a 4500
001 AALejournalIMF021792
008 230101c9999 xx r poo 0 0eng d
020 |c 15.00 USD 
020 |z 9781589061231 
022 |a 1020-7635 
040 |a BD-DhAAL  |c BD-DhAAL 
110 2 |a International Monetary Fund.  |b Research Dept. 
245 1 0 |a IMF Staff Papers :   |b Volume 49: Special Issue: IMF Annual Research Conference. 
264 1 |a Washington, D.C. :  |b International Monetary Fund,  |c 2002. 
300 |a 1 online resource (248 pages) 
490 1 |a IMF Staff Papers 
500 |a <strong>Off-Campus Access:</strong> No User ID or Password Required 
500 |a <strong>On-Campus Access:</strong> No User ID or Password Required 
506 |a Electronic access restricted to authorized BRAC University faculty, staff and students 
520 3 |a This paper reports for uncovered interest parity (UIP) using daily data for 23 developing and developed countries during the crisis-strewn 1990s. UIP is a classic topic of international finance, a critical building block of most theoretical models, and a dismal empirical failure. UIP states that the interest differential is, on average, equal to the ex post exchange rate change. UIP may work differently for countries in crisis, whose exchange and interest rates both display considerably more volatility. This volatility raises the stakes for financial markets and central banks; it also may provide a more statistically powerful test for the UIP hypothesis. Policy-exploitable deviations from UIP are, therefore, a necessary condition for an interest rate defense. There is a considerable amount of heterogeneity in the results, which differ wildly by country. 
538 |a Mode of access: Internet 
830 0 |a IMF Staff Papers; IMF Staff Papers ;  |v No. 2002/005 
856 4 0 |z Full text available on IMF  |u http://elibrary.imf.org/view/journals/024/2002/005/024.2002.issue-005-en.xml  |z IMF e-Library